| 000 | 01677nam a2200349 a 4500 | ||
|---|---|---|---|
| 003 | BLK | ||
| 005 | 20250225005543.0 | ||
| 008 | 180408b bul|||||r ||||||| ||bul|| | ||
| 040 | _aBLK | ||
| 041 |
_aBUL _cBUL |
||
| 072 | 7 |
_2bullib _aА _xФонд Михаил Арнаудов |
|
| 080 |
_aБългарска литература _b821.163.2 _x-8 _z821.163.2-8 |
||
| 100 |
_aБотев, Христо _d1848 - 1876 _qПетков, Христо Ботев _9364222 |
||
| 245 | 1 | 0 |
_aСъчинения _bСтихотворения ; Политически статии ; Подлистници _cХристо Ботев; ред. Захарий Стоянов. |
| 257 | _aBGR | ||
| 260 |
_c1888 _fСофия : Бълг. нар. печ. _9393107 _aСофия _bб.и. |
||
| 300 |
_a222, ІІ с., 2 л. _bпортр., факс. _c20 см |
||
| 380 | _aX | ||
| 490 |
_9396381 _aЧастна колекция - Академик Михаил Арнаудов _gДарение - Основен фонд |
||
| 500 | _aВ кн. авт. означен Христо Ботйов. - Подпис на Михаил Арнаудов ; Датиране на кн.: 20 ІІІ 1896. - Твърда подв. | ||
| 659 | _aА | ||
| 700 |
_aСтоянов, Захарий _gСтоянов, Захари _d1850-1889 _qДжедев, Джендо Стоянов _eред. _9364101 |
||
| 852 |
_aЦб МА 514 _bМА |
||
| 856 | 4 | _qpdf | |
| 856 | 4 | _qpdf | |
| 942 |
_cKNG _n0 _s1 _01 |
||
| 944 |
_aCR _c09.01.2017 _lCRON CRON _k |
||
| 944 |
_aED _c09.01.2017 _kГеновева_Генчева |
||
| 999 |
_c35237 _d35237 |
||
| 999 | _d35237 | ||
| 999 | _d35237 | ||